Polscy artyści muzyczni ze 100 mln wyświetleń pod piosenkami - Statystyki

Ogólne statystyki
  • Ten quiz został rozwiązany 121 razy
  • Średni wynik to 4 z 15
Statystyki odpowiedzi
Liczba wyświetleń Nazwa artysty % Poprawnych
112 mln102 mln Sanah
71%
232 mln104 mln Skolim
44%
124 mln106 mln Quebonafide
43%
213 mln103 mln Akcent
39%
180 mln135 mln Kizo
38%
138 mln124 mln Sobel
36%
190 mln135 mln 131 mln 113 mln Tymek
34%
113 mln104 mln ReTo
28%
152 mln100 mln Sylwia Grzeszczak
26%
147 mln127 mln 118 mln Paluch
25%
149 mln113 mln Smolasty
19%
111 mln100 mln Guzior
15%
136 mln110 mln Łobuzy
11%
161 mln122 mln MiłyPan
9%
117 mln103 mln Blacha
6%
Nie znaleziono quizów pasujących do podanych kryteriów
Rozkład punktacji
Procent ludzi z każdym wynikiem
Percentyl według liczby udzielonych odpowiedzi
Twoja historia wyników
Nie rozwiązałeś tego quizu